Introduction to logic design /

Gardado en:
Detalles Bibliográficos
Autor Principal: Marcovitz, Alan B
Formato: Libro
Idioma:Vietnamese
Publicado: "MH Higher Education" 2005
Các nhãn: Engadir etiqueta
Sen Etiquetas, Sexa o primeiro en etiquetar este rexistro!
Thư viện lưu trữ: Mạng thư viện Đại học Đà Nẵng
LEADER 00627nam a2200265 4500
001 000027761
003 MA-AJ
005 20150403120000.0
008 150403s vm 000 vie
020 |c 0,0000 
040 |a notts 
100 |a Marcovitz, Alan B 
245 |a Introduction to logic design /  |c Alan B. Marcovitz. 
260 |b "MH Higher Education"  |c 2005 
OWN |a LTT 
999 |a From the UDN01 
TYP |a Monograph 
TYP |a Printed language 
980 |a Mạng thư viện Đại học Đà Nẵng